| 000 | 00339nam a22001457a 4500 | ||
|---|---|---|---|
| 003 | SGT | ||
| 020 | _a0-340-49456-5 | ||
| 082 |
_a641.5 _bCES |
||
| 100 | _aCESERANI, VICTOR | ||
| 245 | _aTHE AUTOBIOGRAPHY OF VICTOR CESERANI CATERING FOR LIFE | ||
| 250 | _a1ST | ||
| 260 |
_aLONDON _bBLC PUB. _c1989 |
||
| 300 | _a211 | ||
| 942 |
_2ddc _cBK |
||
| 999 |
_c21084 _d21084 |
||